| 000 | 00488nam a2200181Ia 4500 | ||
|---|---|---|---|
| 999 |
_c32062 _d32062 |
||
| 003 | OSt | ||
| 005 | 20200724111614.0 | ||
| 008 | 190216s9999||||xx |||||||||||||| ||und|| | ||
| 020 | _a9780521696241 | ||
| 040 | _coclc | ||
| 082 |
_a515 _bCAR/R |
||
| 100 |
_aCarothers, N L _93727 |
||
| 245 | 0 |
_aReal Analysis / _cN L Carothers |
|
| 260 |
_bCambridge Uty Press, _aUK: _c2000. |
||
| 300 | _a401p | ||
| 650 | _aMathematics | ||
| 942 |
_cBK _2ddc _h515 _iCAR/R _k515 _mCAR/R |
||